Private finance and economic development city and regional investment
Enregistré dans:
| Format: | Livre |
|---|---|
| Langue: | anglais |
| Publié: |
Paris
OECD
2003
|
| Collection: | Local economic and employment development
|
| Sujets: | |
| Tags: |
Pas de tags, Soyez le premier à ajouter un tag!
|
MARC
| LEADER | 00000nam$a2200000$$$4500 | ||
|---|---|---|---|
| 001 | 0018899 | ||
| 005 | 20240104133137.4 | ||
| 020 | |a 92-64-10199-3 | ||
| 041 | 0 | |a eng | |
| 044 | |a FR | ||
| 245 | 1 | 0 | |a Private finance and economic development |b city and regional investment |
| 264 | 1 | |a Paris |b OECD |c 2003 | |
| 300 | |a 225 s. | ||
| 490 | 1 | |a Local economic and employment development | |
| 830 | 0 | |a Local economic and employment development | |
| 500 | |a Zborník prezentuje závery Forum of Cities and Regions conference, London, July 2002 | ||
| 610 | 2 | 0 | |a rozvoj hospodársky |
| 610 | 2 | 0 | |a rozvoj regionálny |
| 610 | 2 | 0 | |a financie |
| 610 | 2 | 0 | |a sektor súkromný |
| 610 | 2 | 0 | |a sektor verejný |
| 610 | 2 | 0 | |a investovanie |
| 610 | 2 | 0 | |a plánovanie regionálne |
| 610 | 2 | 0 | |a podnik malý |
| 610 | 2 | 0 | |a podnik stredný |
| 610 | 2 | 0 | |a investície súkromné |
| 610 | 2 | 0 | |a investície verejné |
| 610 | 2 | 0 | |a porovnanie medzinárodné |
| 610 | 2 | 0 | |a Európa |
| 610 | 2 | 0 | |a USA |
| 610 | 2 | 0 | |a Severná Amerika |